• 首页
  • 本馆介绍
  • 公告通知
  • 最新文献
  • 馆藏检索
  • 电子资源
  • 读者导购
  • 参考咨询
  • 我的图书馆
  • 登录
  • 详细信息显示
  • 放入我的书架
  • 预约/预借图书
  • 作者相关作品
  • 分类相关作品
  • 丛书相关作品
  • 出版社相关作品

书目信息

  • 表格格式
  • 工作单格式
  • 卡片格式
题名:
孔子批判
    
 
作者: 古棣 著
分册: 上   孔子十日谈
出版信息: 长春   时代文艺出版社  2001
页数: 445页
开本: 21cm
丛书名:
单 册:
中图分类: B222.25 , B222.2
科图分类:
主题词: 儒家 , 先秦哲学
电子资源:
ISBN: 7-5387-1509-6
000 00927nam0 2200301 450
001 1160039000
005 20110928164404.23
010    @a7-5387-1509-6@dCNY26.00
100    @a20011024d2001 ekmy0chiy0110 ea
101 0  @achi
102    @aCN@b220000
105    @ay z 000yb
106    @ar
200 1  @a孔子批判@Akong zi pi pan@h上@i孔子十日谈@f古棣等著
210    @a长春@c时代文艺出版社@d2001
215    @a445页@d21cm
330    @a本卷作者以鲜明的立论和确凿的史料,将孔子由封建崇拜的偶像做为科学研究的对象,通过对孔子生平的评述以及对其思想和观念的研究,深刻地对孔子进行了有分析地批判。
600  0 @a孔丘@f(前551-前479)
600  0 @a孔丘@f(前551-前479)@x人物研究
605    @a论语@x注释
605    @a论语
606 0  @a儒家
606 0  @a先秦哲学
690    @aB222.25@v4
690    @aB222.2@v4
701  0 @a古棣@Agu di@4著
801  0 @aCN@bNLC@c20011026
905    @a10447@dB222.2@eJY77:1
    
    孔子批判.上.孔子十日谈/古棣等著 .-长春:时代文艺出版社,2001
    445页;21cm
    
    
    ISBN 7-5387-1509-6:CNY26.00
    本卷作者以鲜明的立论和确凿的史料,将孔子由封建崇拜的偶像做为科学研究的对象,通过对孔子生平的评述以及对其思想和观念的研究,深刻地对孔子进行了有分析地批判。
●
相关链接 在E读中查询图书 在五车中查询图书 在当当中查询图书 在豆瓣中查询图书


正题名:孔子批判     索取号:B222.2/JY77:1         预约/预借

序号 登录号 条形码 馆藏地/架位号 状态 备注
1 7824534   278245347   学院路分馆/ [索取号:B222.2/JY77:1] 在馆    
2 7824535   278245356   学院路分馆/ [索取号:B222.2/JY77:1] 在馆    
唐山师范学院图书馆 欢迎您!
大连网信软件有限公司© 版权所有